| 000 | 00680nam a2200229 a 4500 | ||
|---|---|---|---|
| 001 | BRCA_6171 | ||
| 005 | 20190320205346.0 | ||
| 008 | 070711s1901----nyua######---#000-0#eng-# | ||
| 041 | _aeng | ||
| 044 | _anyu | ||
| 050 | 4 |
_aPZ3 _b.T835 Gi _c1901 |
|
| 100 | 1 |
_aTwain, Mark _d1835-1910. _915546 |
|
| 245 | 1 | 0 |
_aThe gilded age _ba Tale of To=day _cby Mark Twain and Charles Dudley Warner. |
| 260 |
_aNueva York _bHarper _cc1901 |
||
| 300 |
_a2 tomos en 1 volúmen. _bil. _c20 cm. |
||
| 500 | _aIncluye lista de ilustraciones | ||
| 500 | _aK54 | ||
| 650 | 1 | 4 |
_aLiteratura estadounidense _915547 |
| 700 | 1 |
_aWarner,Charles Dudley _f1829-1900 _915548 |
|
| 902 | _aGFM | ||
| 942 |
_2lcc _cB |
||
| 999 |
_c5858 _d5858 |
||